| 000 | 00683nam a2200265Ia 4500 | ||
|---|---|---|---|
| 008 | 181129s9999 xx 000 0 und d | ||
| 020 | _a9780545661751 | ||
| 050 | _bS485 2009 | ||
| 100 | _aSerling, Rod | ||
| 245 | 4 | _aThe odyssey of flight 33 / | |
| 245 | 0 | _cby Rod Serling ; illustrated by Robert Grabe. | |
| 260 | _aNew York, NY : | ||
| 260 | _bScholastic, | ||
| 260 | _c2009 | ||
| 300 | _aunpaged : | ||
| 300 | _bcolor illustrations ; | ||
| 300 | _c25cm. | ||
| 440 | _aThe twilight zone. | ||
| 500 | _a390L | ||
| 650 | _aAir travel. | ||
| 650 | _aSupernatural -- Comic book, strips, etc. | ||
| 650 | _aTime travel. | ||
| 700 | _aSeries. | ||
| 700 | _aTitle. | ||
| 999 |
_c360011 _d360011 |
||